|
|
|
|
| LEADER |
02542nam a2200397 a 4500 |
| 001 |
EBC3572104 |
| 003 |
MiAaPQ |
| 005 |
20200520144314.0 |
| 006 |
m o d | |
| 007 |
cr cn||||||||| |
| 008 |
130503s2010 ne ad sb 101 0 eng d |
| 020 |
|
|
|z 9789086861538
|
| 020 |
|
|
|z 9789086867097 (e-book)
|
| 035 |
|
|
|a (MiAaPQ)EBC3572104
|
| 035 |
|
|
|a (Au-PeEL)EBL3572104
|
| 035 |
|
|
|a (CaPaEBR)ebr10688278
|
| 035 |
|
|
|a (OCoLC)932327197
|
| 040 |
|
|
|a MiAaPQ
|c MiAaPQ
|d MiAaPQ
|
| 050 |
|
4 |
|a SF94.6
|b .E23 2010
|
| 082 |
0 |
4 |
|a 636.089239
|2 23
|
| 111 |
2 |
|
|a EAAP International Symposium on Energy and Protein Metabolism and Nutrition
|n (3rd :
|d 2010 :
|c Parma, Italy)
|
| 245 |
1 |
0 |
|a Energy and protein metabolism and nutrition
|h [electronic resource] :
|b 3rd EAAP International Symposium on Energy and Protein Metabolism and Nutrition, Parma, Italy, 6-10 September 2010 /
|c edited by G. Matteo Crovetto.
|
| 260 |
|
|
|a Wageningen, The Netherlands :
|b Wageningen Academic Publishers,
|c 2010.
|
| 300 |
|
|
|a 736 p. :
|b ill.
|
| 490 |
1 |
|
|a EAAP publication,
|x 0071-2477 ;
|v no. 127
|
| 504 |
|
|
|a Includes bibliographical references and index.
|
| 505 |
0 |
|
|a pt. 1. Energy/protein omics and mitochondrial functions -- pt. 2. Stable isotopes and other techniques in metabolism and nutrition -- pt. 3. Energy/protein tissue metabolism -- pt. 4. Systemic and local regulation mechanisms -- pt. 5. Energy/protein and their interaction on productive functions : ruminants -- pt. 6. Energy/protein and their interaction on productive functions : monogastrics -- pt. 7. Energy/protein nutrition and environmental sustainability -- pt. 8. Energy/protein metabolism and nutrition, and health in farm and companion animals -- pt. 9. Evaluation and modelling of feed value and requirements : ruminants -- pt. 10. Evaluation and modelling of feed value and requirements : monogastrics -- pt. 11. Influence of energy/protein metabolism and nutrition on product quality -- pt. 12. In vitro techniques and feed nutritive value.
|
| 533 |
|
|
|a Electronic reproduction. Ann Arbor, MI : ProQuest, 2016. Available via World Wide Web. Access may be limited to ProQuest affiliated libraries.
|
| 650 |
|
0 |
|a Animal nutrition
|v Congresses.
|
| 650 |
|
0 |
|a Energy metabolism
|v Congresses.
|
| 650 |
|
0 |
|a Proteins
|x Metabolism
|v Congresses.
|
| 655 |
|
4 |
|a Electronic books.
|
| 700 |
1 |
|
|a Crovetto, G. Matteo.
|
| 710 |
2 |
|
|a ProQuest (Firm)
|
| 830 |
|
0 |
|a EAAP publication ;
|v no. 127.
|
| 856 |
4 |
0 |
|u https://ebookcentral.proquest.com/lib/matrademy/detail.action?docID=3572104
|z Click to View
|